000 00252nam a2200097Ia 4500
001 1207163
005 20251010111550.0
008 250824s9999 xx 000 0 und d
245 0 _aÇAĞLAYANLAR
_cAHMET HİKMET MÜFTÜOĞLU
260 _bTUNA YAYINLARI
999 _c1207163
_d1207163